[Event "Paris Apsap op 103rd"]
[Site "Paris"]
[Date "2008.08.10"]
[Round "9"]
[White "Vallejo Pons, Francisco"]
[Black "Piankov, Evgenij"]
[Result "1-0"]
[WhiteElo "2650"]
[BlackElo "2337"]
[Annotator "Primel,D"]
[PlyCount "79"]
[EventDate "2008.08.06"]
[EventType "swiss"]
[EventRounds "9"]
[EventCountry "FRA"]
[SourceTitle "EXT 2010"]
[Source "ChessBase"]
[SourceDate "2010.11.25"]
[SourceVersion "1"]
[SourceVersionDate "2010.11.25"]
[SourceQuality "1"]

1. e4 g6 {A la décharge du MI isséen qui va faire une trés mauvaise partie, il
faut rappeler son marathon au cours des semaines précédentes qui explique un
peu sa fatigue car il a joué sans interrruption: -1ere semaine de juillet au
tournoi de la Fère -2ème semaine а Nimes -3ème semaine а Val Thorens - 4ème
semaine а Rennes  Puis, il a enchainé avec ce tournoi du club 608!} 2. d4 Bg7 {
il est facile de se préparer contre le MI qui ne change jamais de répertoire.}
3. c4 {Un bon choix du GMI car l'isséen a beaucoup moins d'expérience sur ce
système que sur la grande ligne Nc3} (3. Nc3 {la ligne principale sur laquelle
PIANKOV joue le système GURGUENIDZE} c6 4. f4 d5 {Calistri,T (2368)-Piankov,E 
(2322) Syre mem op 30th 2007 (4) 1/2}) 3... d6 (3... c5 {Perez Rodriguez,
L-Piankov,E (2328) Pedrido op 2004 (4) 1/2}) 4. Nc3 e5 (4... Nf6 {rentre dans
une Est-Indienne qui n'est pas au répertoire du MI}) (4... Nd7 5. Nf3 e5 6. Be2
Ngf6 {Est-Indienne} (6... Ne7 7. h4 $1 {Lukic,A-Pirc,V YUG-ch Vrnjacka Banja
1962 (10) 1-0})) (4... c5 5. d5 Bxc3+ $5 6. bxc3 Nf6 7. Bd3 e5 8. Ne2) 5. Nf3 {
(1h35)} (5. Nge2 $5 {l'alternative mais le clouage Bg4 n'est pas vraiment un
problème pour les blancs comme le démontre la partie.}) 5... Bg4 $6 {les noirs
ont plusieurs alternatives dans cette position de la défense moderne mais Bg4
n'a pas trés bonne réputation théorique.} (5... Nd7 $142 {la grande ligne} 6.
Be2 (6. Bg5 $5) 6... Nh6 (6... Ne7) 7. h4 $5 {Polugaevsky,L-Minic,D Palma de
Mallorca Interzonal 1970 (22) 1-0}) (5... exd4 6. Nxd4 Nc6 7. Be3 Nge7 8. h4 $1
f5 9. h5 $36 {Kramnik,V (2785)-Mamedyarov,S (2752) Tal Mem Moscow  2007 (8) 1-0
}) (5... Nc6 6. Bg5 $1 f6 7. Be3 Nh6 8. h3 (8. dxe5 dxe5 9. Qxd8+ Kxd8 10.
O-O-O+ Bd7) 8... Nf7 9. c5 $5 $36 {[%csl Rg7]}) 6. d5 $14 c5 $6 (6... Nh6 7. h3
Bxf3 8. Qxf3 O-O 9. g4 {[%csl Rh6]} f5 {[%cal Gf8f3]} 10. gxf5 gxf5 11. Rg1 $1
$14 {[%cal Gg1g8,Gc1h6]} f4 12. b4 a5 13. bxa5 Rxa5 14. a4 Kh8 15. Ba3 Qe7 16.
Kd2 Nd7 17. Bd3 Raa8 18. Rgb1 b6 19. Bb4 Nf7 20. a5 bxa5 21. Rxa5 {Lputian,S 
(2545)-Azmaiparashvili,Z (2610)/Lvov 1990/CBM 018/[Ribli]/1/2-1/2}) (6... a5
$142 7. Be2 Na6 8. O-O Bxf3 (8... Ne7 9. Ne1 $1 {[%cal Ge2g4] Les noirs
manquent d'espace}) 9. Bxf3 {Topalov,V (2739)-Piket,J (2659) Amber-blind 11th
rapid 2002 (10) 0-1}) (6... Nd7 7. Be2 (7. h3)) (6... h5 $5 {[%csl Gc1,Rg7]
[%cal Gg7h6,Gh6c1] Le plan d'échanger les B de cases noires est logique pour
les noirs mais assez lent} 7. Be2 Bh6 8. O-O {Stean,M (2530)-Larsen,B (2590)
London Phillips&Drew 1980 (4) 1/2} (8. Nd2 $142 Bxe2 9. Qxe2 Nd7 10. b3 (10. b4
$143 a5) 10... a5 11. Bb2 Ngf6 12. O-O O-O 13. g3 {[%cal Gf2f4]} Qe7 14. Rae1
Rae8 15. f4 exf4 16. gxf4 Nc5 17. e5 $14 {[%csl Gb2][%cal Gb2g7]} dxe5 18. fxe5
(18. f5 $6 Ng4))) 7. Qa4+ {(1h19)} ({RR} 7. dxc6 bxc6 8. b4 Nf6 9. Bg5 O-O 10.
Qd2 Bxf3 11. gxf3 Na6 12. a3 Nc7 13. Bh3 d5 14. Rd1 d4 15. Na4 Qe7 16. Nc5 a5
17. O-O h6 18. Bxh6 Bxh6 19. Qxh6 Nh5 20. Bg4 Nf4 21. Nd3 Ne2+ {Wade,R (2365)
-Keene,R (2465)/Blackpool 1971/EXT 1999/1/2-1/2 (31)}) 7... Bd7 $146 (7... Qd7
$6 8. Nb5 {[%cal Gb5c7,Gb5d6]}) (7... Nd7 $6 8. Nd2 {[%csl Rg4][%cal Gf2f3]}) (
7... Kf8 {peut-être un moindre mal que Bd7} 8. Be2 {Pigusov,E (2565)-Adla,D 
(2410) Ubeda op 2nd 1997 (8) 1-0}) 8. Qb3 $1 (8. Nb5 $143 {[%csl Rd6]} Qe7 9.
Bg5 Nf6) 8... Qb6 $2 {[%csl Rb6] La Q b6 est mal placée et Qc7 laissant des
possibilités de jouer b7b5, quite а sacrifier le P était meilleur. Par
ailleurs, les blancs vont ensuite attaquer а l'aile-roi en préparant h3g4 et
la Qb6 sera hors-jeu.} (8... Qc7 $142 $14 {[%cal Ga7a6,Gb7b5]} 9. h3 Nf6 10. g4
a6 11. Bd3 {[%csl Gf5]} O-O 12. Be3 (12. Nd2 $143 Bh6 $1 13. Nf1 Bxc1 14. Rxc1
Ne8 15. Ne3 {[%csl Gf5]} a5 16. a3 Na6 {[%csl Gb4]} 17. f3 Qd8 18. h4 Nac7 19.
Ke2 {[%cal Gc1g1]} (19. Qxb7 $6 Rb8 $132) 19... Rb8 20. Rcg1 a4 21. Qd1 b5 $132
22. cxb5 Nxb5 23. Nxb5 Bxb5 24. Bxb5 Rxb5 25. Nc4 {[%csl Gc4][%cal Gd1a4]} Rb3
$13) 12... a5 {[%cal Gb8a6,Ga6b4]} 13. Nd2 Na6 14. a3 Rab8 15. O-O-O (15. f3
Qd8 16. Nf1 Nc7 {[%cal Gb7b5]} 17. Ng3 a4 $1 (17... b5) 18. Nxa4 b5 $132) 15...
Qd8 16. Nf1 Nc7 17. Ng3 b5) 9. Qc2 $16 {Bien entendu, les blancs doivent
éviter les échanges et laisser les noirs manquer d'espace.} Nf6 10. h3 $1 {
[%cal Gg2g4] Le GMI va jouer très vite cette phase car son plan est facile а
jouer.} Na6 11. g4 {(1h16)} Qd8 {[%cal Ga6c7] reconnaissant que la Qb6 était
mal placée.} 12. Be3 {[%cal Gf3d2,Gf1e2,Gd2f1,Gf1g3,Gf2f3] (1h15) les blancs
vont suivre un plan classique d'Est-Indienne (variante h3) avec Be2,f2f3,
suivi de Nd2f1g3 pour d'abord surcontroler "f5", puis pousser les P "g" et "h"
а l'assaut de l'aile-roi. Les noirs manquent de contre-jeu et ils doivent
essayer la percée "b7b5" mais dans cette partie, le MI cherchait avant tout а
tenir la position plutôt que de jouer activement.} Nc7 {[%cal Ga8b8,Gb7b5]} 13.
a3 $1 {[%cal Ga1b1,Gb2b4] (1h14) Un coup utile et souple , les blancs gardent
la possibilité d'attaquer а l'aile-dame par Rb1 et b2b4 et a3 permet aussi
d'éviter Nb4} a5 $6 {l'isséen met fin aux perspectives d'attaques des blancs а
l'aile-dame mais le remède est pire que le mal car en effet, les noirs se
privent également de contre-jeu sur la colonne "b" et le GMI va pouvoir
maintenant se consacrer а l'attaque а l'aile-roi sans craindre une réaction
adverse а l'aile-dame ou au centre. Dans cette partie, le MI a été dominé
stratégiquement.} (13... a6 $142 14. b4 (14. Rb1) (14. Nd2 Rb8 (14... b5 $6 15.
b4 $1 cxb4 16. axb4 {[%cal Gc4c5]} bxc4 (16... O-O 17. c5 $40) 17. Nxc4 {
[%csl Rd6]}) 15. Be2 h6 (15... b5 16. b4)) 14... b6 15. Rb1 O-O 16. Be2 a5 $5
17. bxc5 bxc5 {Après l'ouverture de la colonne "b", il sera plus difficile
pour les blancs d'attaquer а l'aile-roi même si les blancs peuvent manoeuvrer
plus facilement.}) 14. b3 {(1h13)} (14. Nd2 $143 a4 {[%csl Rb3]}) 14... Qb8 {
les noirs sont proches du zugzwang et ils vont maintenant jouer des coups
d'attente.} 15. Nd2 {(1h02)} (15. a4 {[%csl Gb5][%cal Gc3b5]}) 15... Ng8 (15...
b5 $5 16. cxb5 Nxb5 17. Nxb5 Bxb5 18. Bxb5+ Qxb5 19. Nc4 Ra6 20. Qd3 O-O {
[%csl Rb3][%cal Gf8b8]} 21. Rb1 Rb8 22. O-O Ne8) 16. Be2 {(1h03)} Ne7 17. h4
$40 (17. Nf1 O-O 18. h4 b5) 17... h6 (17... O-O 18. g5 f5) 18. Rb1 {(59mns)} b6
19. f3 {[%cal Gd2f1,Gf1g3] (55mns)} Qc8 20. Nf1 {(46mns)} f6 21. Ng3 {[%csl
Gf5]} Qb7 22. Kf2 {(40mns)} (22. a4) 22... Qc8 23. Rbg1 Kf7 24. f4 $40 {(37mns)
} (24. h5 g5) 24... Qb7 25. Qd2 {(32mns)} b5 {enfin!} 26. a4 $1 {ruinant les
espoirs des noirs de contre-attaque àl'aile-dame} b4 27. Nb5 Bxb5 28. cxb5 {
(32mns)} Raf8 29. Rh2 {(30mns)} Na8 30. f5 g5 31. Rgh1 $40 Nc8 $2 {il est
difficile de défendre ce genre de position inférieure sans faire de faute} (
31... Nb6) 32. hxg5 $18 {(23mns)} hxg5 33. Bxg5 $1 {prévisible mais joli} fxg5
34. Qxg5 Ke8 $2 35. Rh7 Rxh7 36. Rxh7 Rf7 37. Nh5 Bf8 $2 38. Qg6 Qe7 39. g5
Nab6 40. Nf6+ {[%mdl 32] A l'issue de son séjour parisien ou il espérait
gagner 15 а 20 points en deux tournois, l'espagnol doit se contenter d'un gain
de ... 4 points!} 1-0

[Event "FRA-ch 58 Championnat"]
[Site "Belfort"]
[Date "1983.08.26"]
[Round "13"]
[White "Giffard, Nicolas"]
[Black "Manouck, Thierry"]
[Result "1-0"]
[WhiteElo "2345"]
[BlackElo "2375"]
[Annotator "Primel,D"]
[PlyCount "103"]
[EventDate "1983.08.12"]
[EventType "tourn"]
[EventRounds "15"]
[EventCountry "FRA"]
[EventCategory "2"]
[SourceTitle "EXT 2016"]
[Source "ChessBase"]
[SourceDate "2015.10.08"]
[SourceVersion "1"]
[SourceVersionDate "2015.10.08"]
[SourceQuality "1"]
[TimeControl "40/5400+30:1800+30"]

1. d4 g6 2. c4 Bg7 3. Nc3 d6 4. e4 Nc6 (4... Nf6 {Est-Indienne}) 5. Be3 (5. d5
Nd4 6. Be3 c5 7. Nge2 Qb6 8. Na4 Qa5+ 9. Bd2 Qa6 10. Nxd4 Bxd4 11. Nc3 Bd7 12.
Bd3 Nf6 13. h3 O-O 14. O-O Nh5) 5... e5 6. d5 Nce7 (6... Nd4) 7. g4 $1 {
Une idée d'AVERBAKH qui rend la suite 4. Nc6 assez douteuse} (7. c5 $1 f5 8.
Bb5+ $1 Bd7 9. cxd6 cxd6 10. Bxd7+ Qxd7 11. f3 $16 {[%csl Re6,Rg7][%cal Gg1h3,
Gh3g5,Gg5e6] L'autre suite qui donne un millieu de jeu favorable aux blancs
après l'échange des B de cases blanches qui laisse un mauvais B aux noirs et
une case faible "e6"}) 7... Nf6 (7... f5 $5 8. gxf5 gxf5 9. Qh5+ Ng6 10. exf5
Qh4 11. Qf3 N6e7 12. Bd3 Nh6 $13) 8. h3 $5 (8. g5 Nd7 9. h4 h5) 8... h5 9. g5
Nh7 10. Nf3 (10. Qd2 O-O 11. O-O-O Bd7 12. Be2 Nc8 13. Nf3 a6 14. Kb1 Rb8 15.
Rdg1 b5 16. Nh4 c5 17. dxc6 Bxc6 18. Nd5 $14) 10... O-O 11. Qd2 Bd7 12. O-O-O
$1 Qb8 $1 {[%cal Ga7a6,Gb7b5,Ra8a2] La pratique a donné des bons résultats aux
noirs avec cette idée originale} 13. Kb1 Rd8 (13... a6 14. c5 Nc8 15. Be2 dxc5
16. Bxc5 Nd6) 14. Rc1 $146 (14. c5 Nc8 15. cxd6 Nxd6 16. Qc2 c6 17. Ka1 Rc8 18.
Bc5 b6 19. dxc6 Rxc6 20. Ba3 Be6 21. Qa4 Qc7 22. Ba6 Rd8 23. Kb1 Nc4 24. Rxd8+
Qxd8 25. Bxc4 Rxc4 26. Rd1 Qa8 27. Qb5 Rxc3 28. bxc3 Qxe4+ {Lengyel,L-Kotov,A/
Sochi 1967/MCD/0-1 (31)}) 14... Nc8 15. Ne1 {[%cal Ge1d3,Rc4c5]} a6 16. Qc2 Be8
17. Qb3 c5 18. dxc6 (18. Nc2 b5 $1 19. cxb5 axb5 20. Bxb5 Bxb5 21. Qxb5 Qa7 $44
{[%csl Ra2,Rb1]}) 18... bxc6 19. Qxb8 Rxb8 20. Rd1 Ne7 21. Nf3 Nf8 22. Bd3 Ne6
23. Bc2 f5 24. gxf6 Bxf6 25. Bb3 c5 {[%cal Ge6d4]} 26. Rhg1 Nd4 27. Bxd4 $1
exd4 28. Nd5 Nxd5 29. cxd5 Rb4 30. Nd2 {[%cal Gd2c4,Gf2f4]} Be5 31. Bc4 (31.
Nc4 Bh2 32. Rg2 Bf4) 31... a5 32. b3 a4 33. Kc2 Kg7 (33... Ra8 $1 {[%cal Ga8a2]
}) 34. Nf3 axb3+ 35. axb3 Rxc4+ $5 {Espérant tirer profit de la position
exposée du K blanc} 36. bxc4 Ba4+ 37. Kd3 Bxd1 38. Rxd1 Ra8 39. Ke2 Ra2+ 40.
Rd2 $1 Ra3 41. Nxe5 {Ajournement} dxe5 {[%csl Gd5][%cal Gd5d8]} 42. Rb2 $1 Rc3
(42... Rxh3 43. Rb5 Kf6 44. Rxc5) 43. Rb7+ Kf8 44. d6 Ke8 45. Re7+ Kd8 46. Rxe5
Rxc4 47. Rd5 $1 {[%csl Ge4][%cal Ge4e8]} Rc2+ 48. Kf3 Rc3+ 49. Kf4 d3 (49...
Rxh3) 50. e5 c4 $4 {Thierry MANOUCK était très fatigué а la fin de ce tournoi
car il avait multiplié les longues parties а ajournement.} 51. e6 $18 Rc2 52.
Ra5 1-0

[Event "Bagneux Librairie Saint Germain"]
[Site "Bagneux"]
[Date "1982.07.08"]
[Round "10"]
[White "Kouatly, Bachar"]
[Black "Seret, Jean Luc"]
[Result "0-1"]
[WhiteElo "2440"]
[BlackElo "2395"]
[Annotator "Primel,D"]
[PlyCount "64"]
[EventDate "1982.06.30"]
[EventType "tourn"]
[EventRounds "13"]
[EventCountry "FRA"]
[EventCategory "8"]
[SourceTitle "EXT 2020"]
[Source "ChessBase"]
[SourceDate "2019.10.17"]
[SourceVersion "1"]
[SourceVersionDate "2019.10.17"]
[SourceQuality "1"]

1. d4 g6 2. c4 Bg7 3. Nc3 d6 4. e4 Nd7 {Un coup souple pour laisser le choix
d'une défense moderne ou d'une Est-Indienne et qui vise à éviter la
spécialité de KOUATLY, l'attaque des 4 P} (4... Nf6 5. f4 O-O 6. Nf3 c5 {
Kouatly,B-Gheorghiu,F (2550) Bagneux Librairie Saint Germain 1982 0-1}) 5. f4 {
Essayant de transposer dans l'attaque autrichienne} e5 (5... c5 6. d5 Bxc3+ $5
7. bxc3 Qa5 $13) 6. fxe5 dxe5 7. d5 Nh6 $5 {JL SERET fait le choix d'une
défense moderne qui donne des positions peu claires mais contrairement à son
adversaire, il n'aimait pas les débats théoriques.} (7... Ngf6 8. Nf3 O-O 9.
Bd3 Nc5 10. Bc2 a5 {Alekhine,A-Lasker,E New York International Masters-01 1924
(16) 1/2}) 8. Nf3 O-O 9. Bg5 $146 (9. h3 f5 10. Bg5 Nf6 11. Bd3 Nf7 12. Bh4 h6
13. Qc2 g5 14. Bf2 Nd6 15. Nd2 b5 16. cxb5 a6 17. bxa6 Rxa6 18. Bxa6 Bxa6 19.
Bc5 Nd7 20. Ba3 Nb6 21. O-O-O f4 22. b3 Qa8 23. Nf3 Rc8 24. Kb1 Bb7 25. Bb2 c5
26. dxc6 Rxc6 27. Qd2 Kh8 28. Rhe1 Bf6 29. Qxd6 Rxd6 30. Rxd6 Bd8 31. Nxe5 Bc7
32. Rxh6+ Kg7 33. Rg6+ Kh7 34. Rxg5 Qe8 35. Ng4 Qd8 36. Rh5+ Kg6 37. Rh6+ Kg5
38. Nd5 Nd7 {Suetin,A (2500)-Gipslis,A (2500) Tallinn 1980 1-0}) 9... f6 10.
Bh4 Qe7 11. Be2 (11. Bd3 Ng4 12. O-O Ne3 (12... Qc5+)) 11... Ng4 $1 {[%csl Rf2]
[%cal Gg4e3,Ge7c5] Bizarrement cette attaque du Ng4 est difficile à parer} 12.
Bd3 Qb4 13. a3 $1 Qb6 (13... Qxb2 $2 14. Na4) 14. b4 g5 15. Bg3 f5 $13 {
[%csl Re1]} 16. c5 {Menace d'étouffer les Noirs} Nxc5 $1 17. bxc5 Qxc5 $44 {
[%cal Gc5c3,Gc5f2]} 18. Qd2 f4 19. Na4 $1 Qe3+ 20. Qxe3 Nxe3 21. Bf2 Nxg2+ 22.
Kf1 (22. Ke2 g4 23. Nd2 f3+) 22... Ne3+ 23. Bxe3 fxe3 24. Ke2 $14 {L'attaque
Noire a fait long-feu et les Blancs peuvent espèrer une simplification et
valoriser le matériel} g4 25. Nh4 Bd7 26. Nc5 $6 {Les Blancs sous-estiment le
danger} (26. Nc3 $142 Rf2+ 27. Kxe3 Raf8 {[%cal Gg7h6]} 28. Be2 $13 {[%csl Gf3]
} (28. Nf5 $1 Bxf5 29. exf5 Rb2 30. Rab1 {Et les R Blanches peuvent enfin jouer
}) 28... Bh6+ {Et les Noirs gardent de la pression dans une position peu claire
}) 26... Rf2+ $1 27. Kxe3 Raf8 $40 {[%csl Re3] Une attaque venue de nulle part}
28. Bc4 {[%cal Gd5d6,Gc4g8] La position est chaotique et probablement jouée
en grand zeitnot} (28. Be2 Bh6+ 29. Kd3 Bb5+) 28... Rc2 29. Kd3 $2 (29. Nxd7
Rff2 30. Bd3 (30. Kd3 Rfd2+ 31. Ke3 Bh6#) 30... Bh6#) 29... Rff2 30. Rad1 b5
31. Bb3 b4 32. d6+ Kh8 0-1

[Event "Budapest FS05 GM"]
[Site "Budapest"]
[Date "2003.05.07"]
[Round "5"]
[White "Prusikin, Michael"]
[Black "Burnett, Ronald"]
[Result "1-0"]
[WhiteElo "2525"]
[BlackElo "2442"]
[Annotator "Prusikin,M"]
[PlyCount "65"]
[EventDate "2003.05.03"]
[EventType "tourn"]
[EventRounds "13"]
[EventCountry "HUN"]
[EventCategory "8"]
[SourceTitle "EXT 2015"]
[Source "ChessBase"]
[SourceDate "2014.11.20"]
[SourceVersion "1"]
[SourceVersionDate "2014.11.20"]
[SourceQuality "1"]

1. d4 d6 2. Nf3 g6 3. c4 Bg7 4. Nc3 Nd7 5. e4 e5 6. Be2 Ne7 7. h4 $1 h5 $2 ({
Wenn die Variante für Schwarz überhaupt spielbar ist, dann nur mit} 7... exd4
8. Nxd4 $14) 8. Bg5 $16 f6 9. Be3 Bh6 10. Bxh6 Rxh6 11. Qd2 Rh8 12. O-O-O $1
$146 {Dieser logische Zug erwies sich als Neuerung.} (12. Rd1) 12... b6 13.
dxe5 $1 {Es erschien mir logisch, angesichts des großen Entwicklungsvorsprungs
die Stellung zu öffnen.} fxe5 (13... dxe5 {wird sehenswert widerlegt:} 14. g4
$3 hxg4 15. Nxe5 $3 fxe5 16. Bxg4 Ng8 {die einzige Möglichkeit, sich zu
entknoten} 17. Qd5 $1 Rb8 18. Bxd7+ Bxd7 19. Qxe5+ $18) (13... Nxe5 14. Nxe5
fxe5 15. f4 $18) 14. Ng5 Nf6 (14... Nc5 15. f4 $18 Nc6 16. Qd5 Qd7 17. fxe5
dxe5 18. Nb5 $18) 15. f4 Nc6 {Diagramm [#]} 16. c5 $1 {Nach I. Zaitsev -
"Durchbruch im starken Punkt"} Nd4 (16... bxc5 17. Bb5 $18) 17. cxd6 cxd6 18.
fxe5 (18. Nb5 $1 {war die sauberste Lösung:} Nxe2+ 19. Qxe2 Bg4 20. Qd2 Bxd1
21. Nxd6+ Ke7 22. Rxd1 $18) 18... dxe5 19. Kb1 Bd7 20. Bc4 Rf8 21. Rhf1 (21.
Ne2 $1) 21... Rc8 22. Bf7+ $6 {Damit verkaufe ich meinen Vorteil etwas zu
billig.} (22. Ba6 Bg4 23. Nf3 Rc5 24. Qh6 $18) 22... Rxf7 23. Nxf7 Kxf7 24. Nd5
(24. Qg5 $1 Rc5 25. Rd2 Be6 26. Rdf2 Nf5 27. exf5 gxf5 28. Rxf5 Bxf5+ 29. Qxf5
e4 30. Qxe4 Kg7 31. Qf4 $18) 24... Bf5 $1 (24... Rc6 25. Qh6 $1 $18) 25. Nxf6
Qxf6 26. Qe3 $1 a5 $2 27. exf5 gxf5 28. Rc1 $2 {Ein erster Fehler, der
überraschend sogar den Vorteil wegwirft.} (28. Rfe1 $1 Rc5 29. Rxd4 exd4 30.
Qe8+ Kg7 31. Re7+ $18) 28... Re8 $2 {Revanchiert sich sofort!} (28... f4 $1 29.
Qe4 Rxc1+ 30. Kxc1 Qf5 31. Qxf5+ Nxf5 32. Kd2 Kf6 $11) 29. Rc7+ Kg6 {Diagramm 
[#]} 30. g4 $1 {Der zweite Durchbruch beendet die Partie!} Re7 (30... hxg4 31.
h5+ Kxh5 32. Rh1+ Kg6 33. Qh6#) 31. Rxe7 Qxe7 32. gxf5+ Nxf5 33. Qg1+ 1-0

[Event "Balaguer op"]
[Site "Balaguer"]
[Date "1998.07.19"]
[Round "4"]
[White "Psakhis, Lev"]
[Black "Ranola, Yves"]
[Result "1-0"]
[WhiteElo "2560"]
[BlackElo "2410"]
[Annotator "Psakhis,L"]
[PlyCount "69"]
[EventDate "1998.07.??"]
[EventType "swiss"]
[EventRounds "1"]
[EventCountry "ESP"]
[SourceTitle "CBM 067"]
[Source "ChessBase"]
[SourceDate "1998.11.30"]
[SourceVersion "2"]
[SourceVersionDate "1998.11.01"]
[SourceQuality "1"]

1. c4 g6 2. d4 Bg7 3. Nc3 d6 4. e4 Nc6 5. Be3 e5 6. d5 Nce7 7. g4 f5 8. gxf5 (
8. f3 $5) 8... gxf5 9. Qh5+ Ng6 10. exf5 Qh4 11. Qf3 Nf4 (11... N6e7 12. Nb5 (
12. Bd3 Nh6 13. f6 Rf8 $1 14. Ne4 Bxf6 15. Nxf6+ Rxf6 16. Qg3 Qh5 17. Qg5 Qf7
18. O-O-O Bf5 $11 {0-1 Sashikiran,K-Ranola,Y/Calcutta op 1998 (56)}) 12... Kd8
13. Nh3 Bf6 14. Rg1 Bxf5 15. Ng5 Nh6 16. O-O-O $14 {1-0 Parker,J-Fegebank,F/
Berlin op 1998 (27)}) 12. Nh3 Bxf5 $146 (12... Nxh3 13. Bxh3 Nf6 14. Qg3 Qxg3
15. hxg3 h5 16. O-O-O a6 17. f3 $16 {1-0 Shariazdanov,A-Kosanski,S/Djakovo
1994 (30)}) 13. Nxf4 exf4 14. Qxf4 Qxf4 15. Bxf4 Ne7 (15... Bxc3+ 16. bxc3 Nf6
17. f3 $5 Kf7 18. Kd2 $14) 16. Kd2 Kd7 17. Be2 Raf8 (17... Ng6 18. Be3 Ne5 19.
Rhg1 $16) 18. Be3 Bh3 $5 19. Rag1 Nf5 20. Rg5 $1 (20. Bg4 Bxg4 21. Rxg4 Rf7 $14
) 20... Be5 21. Rh5 Bg2 (21... Nxe3 22. fxe3 Bf5 $2 (22... Bg2 $1 23. Rg1 Bf3)
23. Rxf5 Rxf5 24. Bg4 $18) 22. Rg1 Nxe3 23. fxe3 Bf3 $6 (23... Rfg8 $5 24. Re1
$14 (24. Rh4 $6 Bxd5 $1 25. Bg4+ Kd8 26. cxd5 h5)) 24. Bxf3 Rxf3 25. Ne4 (25.
Ke2 $5 Rf7 26. Ne4) 25... Bxb2 $8 (25... Rf7 26. b3 $18) 26. Rb1 Rg8 $1 27. Kd3
(27. Rxh7+ Kc8 28. c5 $16) 27... Be5 (27... Rg2 28. Nd2 $18) 28. Rxb7 Kc8 $1
29. Rxa7 Kb8 30. Ra3 Rg2 31. Rg5 (31. Rxh7 $5 Bf4 32. Rb3+ Ka8 (32... Kc8 33.
Rh8+ Kd7 34. Nf6+ Ke7 35. Ke4 $1 $18) 33. Rh8+ Ka7 34. Rbb8 (34. Rh7 $5) 34...
c5 (34... Rxe3+ 35. Kd4) 35. dxc6 Bxe3 36. Rhf8 (36. Rbf8 Bf4+ 37. Kd4 Be5+ 38.
Kd5 Rd3+ 39. Ke6 Bxh8) (36. Rb7+ Ka6 37. Ra8+ $140 $4 Ba7#) 36... Bf4+ (36...
Rh3 37. Ng3) 37. Kd4 Be5+ 38. Kd5 Rd3+ 39. Ke6 Rg6+ 40. Kf5 Rg7 41. Rb3 $18)
31... Rxh2 (31... Rxg5 32. Nxg5 Rf5 (32... Rf2 33. Nxh7 Rxh2 34. Ng5 $18) 33.
Nxh7 Bxh2 34. Rb3+ Ka7 35. Rb2 (35. Ke4 Re5+) 35... Be5 36. Rg2 $1 Kb6 37. Ng5
Rf1 38. Ne6 $18) 32. c5 $1 $18 (32. Rg8+ $5 Kb7 33. c5) 32... Rf8 (32... Rxe3+
33. Kxe3 Rh3+ 34. Ng3 Bxg3 35. Rg8+ Kb7 36. c6+ Kb6 37. Ke4 Rh4+ 38. Kf5 $18)
33. c6 Rb2 (33... Re8 $8 34. Rf5 (34. Rxe5 $2 Rxe5 35. Nf6 $2 Rxe3+) (34. Nd2
Rh3 35. Rf5 Rxe3+) 34... h5 (34... Rb2 35. Rxe5 Rxe5 36. Nf6) 35. Rb3+ Kc8 36.
Rb7 Rxa2 (36... Rb2 37. Rxe5) 37. Rf7 $18) 34. Rxe5 $1 dxe5 35. Nc5 (35. Nc5
Kc8 36. Ra8+ Rb8 37. Rxb8+ Kxb8 38. Nd7+ $18) 1-0

[Event "Cappelle op 31st"]
[Site "Cappelle la Grande"]
[Date "2015.03.05"]
[Round "7"]
[White "Arun Prasad, Subramanian"]
[Black "Stupak, Kirill"]
[Result "1/2-1/2"]
[WhiteElo "2502"]
[BlackElo "2568"]
[Annotator "RR"]
[PlyCount "33"]
[EventDate "2015.02.28"]
[EventType "swiss"]
[EventRounds "9"]
[EventCountry "FRA"]
[SourceTitle "EXT 2016"]
[Source "ChessBase"]
[SourceDate "2015.10.08"]
[SourceVersion "1"]
[SourceVersionDate "2015.10.08"]
[SourceQuality "1"]

1. c4 g6 2. d4 Bg7 3. e4 d6 4. Nc3 e5 5. Nf3 exd4 6. Nxd4 Nc6 7. Be3 Nge7 8. h4
$1 O-O (8... f5 9. h5 fxe4 10. hxg6 hxg6 11. Rxh8+ Bxh8 12. Nxe4 Nf5 13. Bg5
Qd7 14. Nb5 a6 15. Nbc3 Qf7 16. Qd2 Be6 17. O-O-O Bxc4 18. Re1 Kf8 19. Bxc4
Qxc4 20. Rh1 Bxc3 21. Nxc3 Kg7 22. f3 Ne5 23. Kb1 Qd3+ 24. Qxd3 Nxd3 25. Nd5
Re8 26. g4 c6 27. Nf6 Re2 28. Rh7+ Kf8 29. gxf5 {1-0 (29) Grischuk,A (2795)
-Svidler,P (2743) Sochi 2014}) 9. h5 f5 10. hxg6 hxg6 11. exf5 Bxd4 $146 {
Donne l'occasion aux Blancs de forcer la nulle} (11... Nxf5 12. Nxf5 Bxf5 13.
Qd2 Qf6 14. O-O-O Ne5 15. Nd5 Qf7 16. Bh6 Be6 17. Bxg7 Qxg7 18. f4 Ng4 19. g3
Rae8 20. Bh3 c6 21. Nc3 Nf6 22. Qxd6 Bxc4 23. Rhe1 a6 24. Kb1 Rxe1 25. Rxe1 Re8
26. Re5 Qf8 27. Qd4 Bf7 28. g4 Rd8 29. Qe3 Qd6 30. g5 Nh5 31. Bg4 Ng7 32. Ne4
Qd4 33. Nf6+ Kf8 34. Nh7+ Kg8 35. Nf6+ Kf8 36. Qa3+ Rd6 37. Nd7+ Kg8 38. Nf6+
Kf8 39. Ne4 Qd3+ 40. Qxd3 Rxd3 41. Kc2 {Diermair,A (2447)-Stupak,K (2514)
Tromso 2014 1/2-1/2 (78)}) 12. Bxd4 Nxf5 13. Rh8+ Kf7 14. Rh7+ Kg8 15. Rh8+ Kf7
16. Rh7+ Kg8 17. Rh8+ 1/2-1/2